[Event "VII Obert Internacional Alberic"]
[Site "Alberic, Spain"]
[Date "2019.06.29"]
[Round "7.1"]
[White "Pedros Viudes, Enrique"]
[Black "Plaskett, H James"]
[Result "0-1"]
[WhiteElo "2113"]
[BlackElo "2417"]
[PlyCount "78"]
[EventDate "2019.??.??"]

1. d4 {[%clk 00:07:04]  [%emt 00:00:04]} 1... Nf6 {[%clk 00:07:04]} 2. Nc3 {
[%clk 00:07:05]  [%emt 00:00:07]} 2... d5 {[%clk 00:07:05]} 3. Bf4 {
[%clk 00:07:07]  [%emt 00:00:07]} 3... c6 {[%clk 00:06:46]  [%emt 00:00:09]} 4.
e3 {[%clk 00:07:05]  [%emt 00:00:40]} 4... Qb6 {[%clk 00:06:42]} 5. a3 {
[%clk 00:06:35]  [%emt 00:00:09]} 5... Bf5 {[%clk 00:06:37]  [%emt 00:00:06]}
6. Na4 {[%clk 00:06:17]  [%emt 00:00:19]} 6... Qd8 {
[%clk 00:06:22]  [%emt 00:00:22]} 7. Be2 {[%clk 00:06:06]  [%emt 00:00:12]}
7... e6 {[%clk 00:06:23]  [%emt 00:00:07]} 8. h4 {
[%clk 00:06:00]  [%emt 00:00:07]} 8... h5 {[%clk 00:05:43]  [%emt 00:00:39]} 9.
Nf3 {[%clk 00:05:55]  [%emt 00:00:08]} 9... Nbd7 {
[%clk 00:05:41]  [%emt 00:00:34]} 10. Ne5 {[%clk 00:05:53]  [%emt 00:00:03]}
10... Be7 {[%clk 00:04:49]  [%emt 00:00:29]} 11. b4 {
[%clk 00:05:18]  [%emt 00:00:47]} 11... Rc8 {[%clk 00:03:52]  [%emt 00:00:54]}
12. Bd3 {[%clk 00:04:37]  [%emt 00:00:42]} 12... Ne4 {
[%clk 00:03:33]  [%emt 00:00:25]} 13. Nxd7 {[%clk 00:04:07]  [%emt 00:01:10]}
13... Qxd7 {[%clk 00:03:33]} 14. f3 {[%clk 00:03:51]} 14... Nf6 {
[%clk 00:03:34]} 15. Bxf5 {[%clk 00:03:26]  [%emt 00:00:08]} 15... exf5 {
[%clk 00:03:35]  [%emt 00:00:30]} 16. Nc5 {[%clk 00:03:27]} 16... Bxc5 {
[%clk 00:03:37]} 17. bxc5 {[%clk 00:03:20]  [%emt 00:00:03]} 17... O-O {
[%clk 00:03:14]  [%emt 00:00:08]} 18. Kf2 {[%clk 00:03:13]  [%emt 00:00:36]}
18... b6 {[%clk 00:03:14]} 19. Bd6 {[%clk 00:02:45]  [%emt 00:00:13]} 19...
Rfe8 {[%clk 00:03:14]} 20. Qd3 {[%clk 00:02:40]  [%emt 00:00:14]} 20... Re6 {
[%clk 00:03:07]  [%emt 00:00:06]} 21. Be5 {[%clk 00:02:06]  [%emt 00:00:34]}
21... g6 {[%clk 00:02:42]  [%emt 00:00:26]} 22. Qc3 {
[%clk 00:01:49]  [%emt 00:00:21]} 22... Rce8 {[%clk 00:02:34]  [%emt 00:00:27]}
23. Rab1 {[%clk 00:01:44]  [%emt 00:00:08]} 23... b5 {[%clk 00:02:24]} 24. Rhe1
{[%clk 00:01:21]  [%emt 00:00:22]} 24... Nh7 {[%clk 00:02:22]  [%emt 00:00:15]}
25. a4 {[%clk 00:01:11]  [%emt 00:00:07]} 25... a6 {
[%clk 00:02:23]  [%emt 00:00:04]} 26. axb5 {[%clk 00:01:11]  [%emt 00:00:03]}
26... axb5 {[%clk 00:02:24]} 27. Ra1 {[%clk 00:01:12]  [%emt 00:00:08]} 27...
Nf8 {[%clk 00:02:16]  [%emt 00:00:06]} 28. Ra6 {
[%clk 00:01:09]  [%emt 00:00:06]} 28... Qe7 {[%clk 00:02:14]  [%emt 00:00:04]}
29. Bg3 {[%clk 00:00:50]  [%emt 00:00:28]} 29... Kh7 {
[%clk 00:02:01]  [%emt 00:00:10]} 30. Re2 {[%clk 00:00:42]  [%emt 00:00:09]}
30... Qf6 {[%clk 00:01:58]  [%emt 00:00:16]} 31. Ra7 {
[%clk 00:00:33]  [%emt 00:00:03]} 31... Kg8 {[%clk 00:01:59]  [%emt 00:00:04]}
32. Ra1 {[%clk 00:00:29]  [%emt 00:00:04]} 32... Qe7 {
[%clk 00:01:49]  [%emt 00:00:15]} 33. Ra6 {[%clk 00:00:24]  [%emt 00:00:13]}
33... Nh7 {[%clk 00:01:50]} 34. Qa3 {[%clk 00:00:21]  [%emt 00:00:08]} 34...
Kg7 {[%clk 00:01:48]  [%emt 00:00:03]} 35. Ra7 {[%clk 00:00:23]} 35... Qf6 {
[%clk 00:01:50]} 36. Ra6 {[%clk 00:00:21]  [%emt 00:00:07]} 36... g5 {
[%clk 00:01:49]} 37. hxg5 {[%clk 00:00:20]  [%emt 00:00:06]} 37... Nxg5 {
[%clk 00:01:51]} 38. Qd3 {[%clk 00:00:16]  [%emt 00:00:10]} 38... Ne4+ {
[%clk 00:01:50]  [%emt 00:00:03]} 39. fxe4 {[%clk 00:00:14]  [%emt 00:00:07]}
39... fxe4+ {[%clk 00:01:52]} 0-1

[Event "VII Obert Internacional Alberic"]
[Site "Alberic, Spain"]
[Date "2019.06.29"]
[Round "7.3"]
[White "Marin Corresa, Arturo"]
[Black "Garcia, Jhoel"]
[Result "1-0"]
[WhiteElo "2050"]
[BlackElo "2290"]
[PlyCount "77"]
[EventDate "2019.??.??"]

1. d4 {[%clk 00:07:03]  [%emt 00:00:26]} 1... Nf6 {[%clk 00:07:04]} 2. c4 {
[%clk 00:07:00]} 2... e6 {[%clk 00:06:55]  [%emt 00:00:12]} 3. g3 {
[%clk 00:07:01]} 3... d5 {[%clk 00:06:56]  [%emt 00:00:10]} 4. Bg2 {
[%clk 00:07:01]} 4... Be7 {[%clk 00:06:53]} 5. Nf3 {
[%clk 00:06:57]  [%emt 00:00:04]} 5... O-O {[%clk 00:06:46]  [%emt 00:00:04]}
6. O-O {[%clk 00:06:57]  [%emt 00:00:04]} 6... a6 {
[%clk 00:06:48]  [%emt 00:00:03]} 7. b3 {[%clk 00:06:36]  [%emt 00:00:20]} 7...
dxc4 {[%clk 00:06:09]  [%emt 00:00:42]} 8. bxc4 {
[%clk 00:06:35]  [%emt 00:00:10]} 8... c5 {[%clk 00:06:11]  [%emt 00:00:04]} 9.
e3 {[%clk 00:06:09]  [%emt 00:00:39]} 9... Nc6 {
[%clk 00:05:57]  [%emt 00:00:03]} 10. Bb2 {[%clk 00:06:06]  [%emt 00:00:03]}
10... cxd4 {[%clk 00:05:54]  [%emt 00:00:05]} 11. exd4 {
[%clk 00:06:07]  [%emt 00:00:04]} 11... Qa5 {[%clk 00:05:55]} 12. Qb3 {
[%clk 00:05:45]  [%emt 00:00:23]} 12... Rd8 {[%clk 00:05:19]  [%emt 00:00:49]}
13. Rd1 {[%clk 00:05:25]  [%emt 00:00:13]} 13... Rb8 {
[%clk 00:05:01]  [%emt 00:00:21]} 14. Nbd2 {[%clk 00:04:29]  [%emt 00:01:02]}
14... b5 {[%clk 00:04:50]  [%emt 00:00:11]} 15. Bc3 {
[%clk 00:03:02]  [%emt 00:01:37]} 15... Qc7 {[%clk 00:04:41]  [%emt 00:00:06]}
16. Rac1 {[%clk 00:02:55]  [%emt 00:00:09]} 16... Qa7 {
[%clk 00:03:35]  [%emt 00:01:09]} 17. d5 {[%clk 00:02:37]  [%emt 00:00:22]}
17... exd5 {[%clk 00:03:00]  [%emt 00:00:37]} 18. cxd5 {
[%clk 00:02:39]  [%emt 00:00:05]} 18... Nxd5 {[%clk 00:02:30]  [%emt 00:00:30]}
19. Bxg7 {[%clk 00:02:32]  [%emt 00:00:10]} 19... Kxg7 {
[%clk 00:02:31]  [%emt 00:00:29]} 20. Rxc6 {[%clk 00:02:34]} 20... Nf6 {
[%clk 00:02:09]  [%emt 00:00:06]} 21. Rdc1 {[%clk 00:02:09]  [%emt 00:00:21]}
21... Be6 {[%clk 00:01:53]  [%emt 00:00:18]} 22. Qb2 {
[%clk 00:02:08]  [%emt 00:00:15]} 22... Rbc8 {[%clk 00:01:36]  [%emt 00:00:12]}
23. Rxc8 {[%clk 00:01:50]  [%emt 00:00:49]} 23... Rxc8 {[%clk 00:01:38]} 24.
Rxc8 {[%clk 00:01:51]} 24... Bxc8 {[%clk 00:01:40]} 25. Ne4 {[%clk 00:01:51]}
25... Qd7 {[%clk 00:01:24]  [%emt 00:00:04]} 26. h4 {
[%clk 00:01:41]  [%emt 00:00:06]} 26... Qd3 {[%clk 00:01:08]  [%emt 00:00:17]}
27. Nfg5 {[%clk 00:01:25]  [%emt 00:00:37]} 27... h6 {[%clk 00:01:06]} 28. Nh7
{[%clk 00:01:19]} 28... Qd1+ {[%clk 00:00:57]  [%emt 00:00:12]} 29. Kh2 {
[%emt 00:00:04]} 29... Kxh7 {[%clk 00:00:31]  [%emt 00:00:23]} 30. Nxf6+ {
[%clk 00:01:20]  [%emt 00:00:12]} 30... Kg6 {[%clk 00:00:06]  [%emt 00:00:22]}
31. Be4+ {[%clk 00:01:11]  [%emt 00:00:09]} 31... Bf5 {
[%clk 00:00:05]  [%emt 00:00:32]} 32. h5+ {[%clk 00:01:12]} 32... Kg7 33. Ng4+
{[%emt 00:00:05]} 33... Kg8 34. Bxf5 {[%clk 00:00:59]} 34... Bf8 {
[%clk 00:00:05]} 35. Qf6 {[%clk 00:00:53]  [%emt 00:00:09]} 35... Qd2 {
[%clk 00:00:05]  [%emt 00:00:15]} 36. Be4 {[%clk 00:00:50]} 36... Bg7 {
[%clk 00:00:06]} 37. Qf5 {[%clk 00:00:51]} 37... a5 {[%clk 00:00:06]} 38. Bd5 {
[%clk 00:00:49]  [%emt 00:00:10]} 38... Kh8 {[%clk 00:00:04]  [%emt 00:00:15]}
39. Qxf7 {[%emt 00:00:12]} 1-0

[Event "VII Obert Internacional Alberic"]
[Site "Alberic, Spain"]
[Date "2019.06.29"]
[Round "7.4"]
[White "Mengual Bolo, Carles"]
[Black "Diaz Velandia, Jose Manuel"]
[Result "0-1"]
[WhiteElo "2097"]
[BlackElo "2372"]
[PlyCount "44"]
[EventDate "2019.??.??"]

1. Nf3 {[%clk 00:07:05]  [%emt 00:00:04]} 1... c6 {[%clk 00:07:06]} 2. d4 {
[%clk 00:07:06]} 2... d5 {[%clk 00:07:07]} 3. Nbd2 {[%clk 00:07:08]} 3... Nf6 {
[%clk 00:07:09]} 4. e3 {[%clk 00:07:10]} 4... e6 {[%clk 00:07:10]} 5. Bd3 {
[%clk 00:07:10]  [%emt 00:00:06]} 5... Bd6 {[%clk 00:07:12]} 6. O-O {
[%clk 00:07:10]} 6... Nbd7 {[%clk 00:07:13]} 7. Qe2 {[%clk 00:07:12]} 7... e5 {
[%clk 00:07:11]} 8. dxe5 {[%clk 00:07:13]} 8... Nxe5 {
[%clk 00:07:12]  [%emt 00:00:21]} 9. Nxe5 {[%clk 00:07:07]} 9... Bxe5 {
[%clk 00:07:13]} 10. e4 {[%clk 00:06:41]  [%emt 00:00:19]} 10... O-O {
[%clk 00:07:14]  [%emt 00:00:21]} 11. f4 {[%clk 00:06:09]  [%emt 00:00:15]}
11... Bd4+ {[%clk 00:07:12]  [%emt 00:00:30]} 12. Kh1 {[%clk 00:06:11]} 12...
Bg4 {[%clk 00:06:56]  [%emt 00:00:04]} 13. Qe1 {
[%clk 00:06:08]  [%emt 00:00:04]} 13... dxe4 {[%clk 00:06:54]  [%emt 00:00:03]}
14. Nxe4 {[%clk 00:06:07]  [%emt 00:00:04]} 14... Re8 {
[%clk 00:06:48]  [%emt 00:00:13]} 15. Nxf6+ {[%clk 00:05:55]  [%emt 00:00:47]}
15... Qxf6 {[%clk 00:06:47]} 16. Qg3 {[%clk 00:05:49]} 16... Be2 {
[%clk 00:06:36]} 17. Bxe2 {[%clk 00:05:28]  [%emt 00:00:11]} 17... Rxe2 {
[%clk 00:06:38]  [%emt 00:00:10]} 18. c3 {[%clk 00:05:12]  [%emt 00:00:14]}
18... Bb6 {[%clk 00:06:34]  [%emt 00:00:10]} 19. f5 {
[%clk 00:04:34]  [%emt 00:00:44]} 19... h6 {[%clk 00:06:20]  [%emt 00:00:08]}
20. Qd3 {[%clk 00:04:14]  [%emt 00:00:23]} 20... Rae8 {
[%clk 00:06:17]  [%emt 00:00:07]} 21. Bd2 {[%clk 00:03:59]  [%emt 00:00:50]}
21... Qd8 {[%clk 00:05:50]  [%emt 00:00:03]} 22. Rf3 {
[%clk 00:03:25]  [%emt 00:01:05]} 22... Rxd2 {[%clk 00:05:50]} 0-1

[Event "VII Obert Internacional Alberic"]
[Site "Alberic, Spain"]
[Date "2019.06.29"]
[Round "7.5"]
[White "Rovira Agusti, Guillem"]
[Black "Fenollar Jorda, Manuel"]
[Result "0-1"]
[WhiteElo "1867"]
[BlackElo "2345"]
[PlyCount "50"]
[EventDate "2019.??.??"]

1. e4 {[%clk 00:07:04]} 1... e5 {[%clk 00:07:03]} 2. Nc3 {[%clk 00:07:05]} 2...
Nc6 {[%clk 00:07:04]  [%emt 00:00:03]} 3. Nf3 {[%clk 00:07:04]} 3... Nf6 {
[%clk 00:07:04]} 4. d3 {[%clk 00:07:05]} 4... Bb4 {[%clk 00:07:00]} 5. Bg5 {
[%clk 00:06:57]  [%emt 00:00:05]} 5... d6 {[%clk 00:07:00]  [%emt 00:00:03]} 6.
g3 {[%clk 00:06:57]  [%emt 00:00:05]} 6... h6 {[%clk 00:07:05]  [%emt 00:00:03]
} 7. Bd2 {[%clk 00:06:57]  [%emt 00:00:14]} 7... Bg4 {[%clk 00:06:55]} 8. Bg2 {
[%clk 00:06:58]  [%emt 00:00:04]} 8... Qd7 {[%clk 00:06:51]  [%emt 00:00:05]}
9. Nd5 {[%clk 00:06:48]  [%emt 00:00:14]} 9... Bxd2+ {
[%clk 00:06:26]  [%emt 00:00:25]} 10. Qxd2 {[%clk 00:06:41]  [%emt 00:00:42]}
10... Nxd5 {[%clk 00:06:25]} 11. exd5 {[%clk 00:06:41]} 11... Ne7 {
[%clk 00:06:24]} 12. c4 {[%clk 00:06:09]  [%emt 00:00:13]} 12... Nf5 {
[%clk 00:06:21]  [%emt 00:00:09]} 13. Ng1 {[%clk 00:05:52]  [%emt 00:00:20]}
13... Nd4 {[%clk 00:06:10]  [%emt 00:00:14]} 14. f3 {
[%clk 00:05:42]  [%emt 00:00:11]} 14... Bh5 {[%clk 00:05:51]  [%emt 00:00:25]}
15. O-O-O {[%clk 00:05:21]  [%emt 00:00:43]} 15... O-O {[%clk 00:05:45]} 16.
Rf1 {[%clk 00:05:16]  [%emt 00:00:04]} 16... b5 {
[%clk 00:04:34]  [%emt 00:01:05]} 17. Ne2 {[%clk 00:05:11]  [%emt 00:00:51]}
17... Nxe2+ {[%clk 00:04:31]} 18. Qxe2 {[%clk 00:05:12]} 18... bxc4 {
[%clk 00:04:32]} 19. dxc4 {[%clk 00:05:08]} 19... Rab8 {[%clk 00:04:31]} 20. g4
{[%clk 00:04:24]  [%emt 00:00:26]} 20... Bg6 {[%clk 00:04:31]  [%emt 00:00:24]}
21. f4 {[%clk 00:04:26]} 21... exf4 {[%clk 00:04:24]  [%emt 00:00:13]} 22. Rxf4
{[%clk 00:03:55]  [%emt 00:00:20]} 22... Rfe8 {[%clk 00:04:26]} 23. Qf2 {
[%clk 00:03:43]  [%emt 00:00:06]} 23... Qa4 {[%clk 00:04:19]  [%emt 00:00:16]}
24. Rf3 {[%clk 00:02:23]  [%emt 00:01:27]} 24... Qxa2 {[%clk 00:04:16]} 25. Ra3
{[%clk 00:02:23]  [%emt 00:00:04]} 25... Qb1+ {[%clk 00:04:15]  [%emt 00:00:03]
} 0-1

[Event "VII Obert Internacional Alberic"]
[Site "Alberic, Spain"]
[Date "2019.06.29"]
[Round "7.6"]
[White "Martinez Tormo, Jorge"]
[Black "Bru Company, Francesc E"]
[Result "1-0"]
[WhiteElo "2119"]
[BlackElo "1890"]
[PlyCount "69"]
[EventDate "2019.??.??"]

1. e4 {[%clk 00:07:05]  [%emt 00:00:30]} 1... d6 {[%clk 00:07:04]} 2. d4 {
[%clk 00:07:06]} 2... Nf6 {[%clk 00:07:06]} 3. Nc3 {
[%clk 00:07:08]  [%emt 00:00:04]} 3... c6 {[%clk 00:07:08]} 4. f3 {
[%clk 00:07:10]} 4... Nbd7 {[%clk 00:07:05]} 5. Be3 {[%clk 00:07:11]} 5... e5 {
[%clk 00:07:07]} 6. Nge2 {[%clk 00:07:12]} 6... Be7 {
[%clk 00:06:52]  [%emt 00:00:05]} 7. g4 {[%clk 00:07:12]  [%emt 00:00:37]} 7...
h6 {[%clk 00:06:53]} 8. Ng3 {[%clk 00:07:11]} 8... exd4 {
[%clk 00:06:44]  [%emt 00:00:04]} 9. Bxd4 {[%clk 00:07:05]} 9... Ne5 {
[%clk 00:06:44]} 10. Be2 {[%clk 00:06:54]  [%emt 00:00:08]} 10... Be6 {
[%clk 00:06:39]  [%emt 00:00:18]} 11. Qd2 {[%clk 00:06:09]  [%emt 00:01:01]}
11... Qa5 {[%clk 00:06:31]  [%emt 00:00:03]} 12. a3 {
[%clk 00:05:41]  [%emt 00:00:18]} 12... O-O-O {[%clk 00:06:11]  [%emt 00:00:29]
} 13. O-O-O {[%clk 00:05:36]  [%emt 00:00:03]} 13... Nc4 {
[%clk 00:05:18]  [%emt 00:00:51]} 14. Bxc4 {[%clk 00:05:35]  [%emt 00:00:12]}
14... Bxc4 {[%clk 00:05:19]} 15. Nf5 {[%clk 00:05:37]} 15... Bf8 {
[%clk 00:04:31]  [%emt 00:00:45]} 16. Kb1 {[%clk 00:05:35]  [%emt 00:00:18]}
16... Be6 {[%clk 00:04:15]  [%emt 00:00:19]} 17. Be3 {
[%clk 00:05:07]  [%emt 00:00:19]} 17... Bxf5 {[%clk 00:03:48]  [%emt 00:00:32]}
18. gxf5 {[%clk 00:05:04]  [%emt 00:00:07]} 18... Be7 {
[%clk 00:03:40]  [%emt 00:00:07]} 19. Qf2 {[%clk 00:05:03]  [%emt 00:00:33]}
19... b6 {[%clk 00:03:13]  [%emt 00:00:04]} 20. Ne2 {
[%clk 00:04:09]  [%emt 00:00:54]} 20... Nh5 {[%clk 00:02:20]  [%emt 00:00:56]}
21. Bd4 {[%clk 00:04:06]  [%emt 00:00:38]} 21... Bf6 {
[%clk 00:02:07]  [%emt 00:00:03]} 22. Rhg1 {[%clk 00:04:00]} 22... Rhg8 {
[%clk 00:01:57]  [%emt 00:00:04]} 23. Qe3 {[%clk 00:03:32]  [%emt 00:00:29]}
23... Bxd4 {[%clk 00:01:36]  [%emt 00:00:38]} 24. Nxd4 {
[%clk 00:03:13]  [%emt 00:00:07]} 24... Kb7 {[%clk 00:01:23]  [%emt 00:00:17]}
25. c4 {[%clk 00:02:59]  [%emt 00:00:25]} 25... Qe5 {
[%clk 00:01:16]  [%emt 00:00:05]} 26. Qc3 {[%clk 00:02:26]  [%emt 00:00:35]}
26... Nf4 {[%clk 00:00:54]  [%emt 00:00:23]} 27. Rd2 {
[%clk 00:02:27]  [%emt 00:00:20]} 27... g5 {[%clk 00:00:32]  [%emt 00:00:16]}
28. Qc2 {[%clk 00:02:03]  [%emt 00:00:18]} 28... f6 {
[%clk 00:00:21]  [%emt 00:00:31]} 29. Ne2 {[%clk 00:02:01]} 29... Nh3 {
[%clk 00:00:18]} 30. Rg2 {[%clk 00:02:03]} 30... Nf4 {
[%clk 00:00:14]  [%emt 00:00:05]} 31. Rg1 {[%clk 00:01:35]  [%emt 00:00:28]}
31... Rge8 {[%clk 00:00:12]  [%emt 00:00:22]} 32. Nd4 {
[%clk 00:01:23]  [%emt 00:00:10]} 32... d5 {[%clk 00:00:04]} 33. cxd5 {
[%clk 00:01:23]  [%emt 00:00:09]} 33... cxd5 {[%clk 00:00:06]} 34. Qc6+ {
[%clk 00:01:24]  [%emt 00:00:03]} 34... Kb8 {[%clk 00:00:07]} 35. Qb5 {
[%clk 00:01:20]  [%emt 00:00:04]} 1-0

[Event "VII Obert Internacional Alberic"]
[Site "Alberic, Spain"]
[Date "2019.06.29"]
[Round "7.7"]
[White "Martinez Villena, David"]
[Black "Costa Grau, Adrian"]
[Result "1/2-1/2"]
[WhiteElo "2029"]
[BlackElo "2001"]
[PlyCount "77"]
[EventDate "2019.??.??"]

1. e4 {[%clk 00:07:03]  [%emt 00:00:39]} 1... c5 {[%clk 00:07:05]} 2. Nf3 {
[%clk 00:06:56]  [%emt 00:00:03]} 2... Nc6 {[%clk 00:07:07]} 3. d4 {
[%clk 00:06:52]} 3... cxd4 {[%clk 00:07:08]} 4. Nxd4 {[%clk 00:06:54]} 4... Nf6
{[%clk 00:07:10]} 5. Nc3 {[%clk 00:06:52]} 5... d6 {[%clk 00:07:12]} 6. Be2 {
[%clk 00:06:44]  [%emt 00:00:06]} 6... g6 {[%clk 00:07:14]  [%emt 00:00:06]} 7.
O-O {[%clk 00:06:42]} 7... Bg7 {[%clk 00:07:15]} 8. Nb3 {
[%clk 00:06:42]  [%emt 00:00:04]} 8... O-O {[%clk 00:07:15]  [%emt 00:00:06]}
9. Re1 {[%clk 00:06:41]  [%emt 00:00:04]} 9... Bd7 {
[%clk 00:06:57]  [%emt 00:00:18]} 10. Bf1 {[%clk 00:06:35]  [%emt 00:00:08]}
10... a6 {[%clk 00:06:58]  [%emt 00:00:04]} 11. Nd5 {
[%clk 00:06:21]  [%emt 00:00:16]} 11... b5 {[%clk 00:06:52]  [%emt 00:00:05]}
12. c3 {[%clk 00:06:08]  [%emt 00:00:16]} 12... Rc8 {
[%clk 00:06:40]  [%emt 00:00:33]} 13. Bg5 {[%clk 00:06:04]  [%emt 00:00:07]}
13... Ne8 {[%clk 00:06:14]  [%emt 00:00:11]} 14. Nd4 {
[%clk 00:05:06]  [%emt 00:01:01]} 14... f6 {[%clk 00:06:12]  [%emt 00:00:13]}
15. Nxc6 {[%clk 00:04:59]  [%emt 00:00:05]} 15... Bxc6 {
[%clk 00:06:11]  [%emt 00:00:06]} 16. Bh4 {[%clk 00:03:50]  [%emt 00:01:07]}
16... e6 {[%clk 00:06:05]  [%emt 00:00:15]} 17. Nf4 {
[%clk 00:03:36]  [%emt 00:00:11]} 17... Qe7 {[%clk 00:05:54]  [%emt 00:00:35]}
18. Bg3 {[%clk 00:03:37]  [%emt 00:00:09]} 18... Nc7 {
[%clk 00:04:36]  [%emt 00:00:54]} 19. Qb3 {[%clk 00:02:03]  [%emt 00:01:38]}
19... Kh8 {[%clk 00:04:31]  [%emt 00:00:29]} 20. Rad1 {[%clk 00:02:02]} 20...
e5 {[%clk 00:04:23]  [%emt 00:00:06]} 21. Nd5 {[%clk 00:01:15]  [%emt 00:00:54]
} 21... Bxd5 {[%clk 00:04:24]} 22. exd5 {[%clk 00:01:17]} 22... f5 {
[%clk 00:04:23]} 23. f3 {[%clk 00:01:07]  [%emt 00:00:27]} 23... f4 {
[%clk 00:03:50]  [%emt 00:00:15]} 24. Bf2 {[%clk 00:01:07]  [%emt 00:00:07]}
24... g5 {[%clk 00:03:30]  [%emt 00:00:24]} 25. Bd3 {[%clk 00:01:06]} 25... h5
{[%clk 00:03:26]  [%emt 00:00:06]} 26. Bb1 {[%clk 00:01:06]  [%emt 00:00:13]}
26... Bh6 {[%clk 00:03:17]  [%emt 00:00:03]} 27. Qc2 {
[%clk 00:01:04]  [%emt 00:00:05]} 27... Rf6 {[%clk 00:03:15]  [%emt 00:00:03]}
28. Bd4 {[%clk 00:00:34]  [%emt 00:00:57]} 28... Qg7 {
[%clk 00:03:09]  [%emt 00:00:07]} 29. Rxe5 {[%clk 00:00:26]} 29... dxe5 {
[%clk 00:02:56]  [%emt 00:00:05]} 30. Bxe5 {[%clk 00:00:27]  [%emt 00:00:12]}
30... Rcf8 {[%clk 00:01:57]  [%emt 00:00:52]} 31. d6 {
[%clk 00:00:29]  [%emt 00:00:04]} 31... Ne6 {[%clk 00:01:51]  [%emt 00:00:04]}
32. d7 {[%clk 00:00:29]  [%emt 00:00:15]} 32... Qe7 {
[%clk 00:01:04]  [%emt 00:00:41]} 33. Bxf6+ {[%clk 00:00:16]  [%emt 00:00:14]}
33... Rxf6 {[%clk 00:01:00]  [%emt 00:00:12]} 34. d8=Q+ {
[%clk 00:00:15]  [%emt 00:00:15]} 34... Nxd8 {[%clk 00:00:54]} 35. Rxd8+ {
[%clk 00:00:17]} 35... Bf8 {[%clk 00:00:41]  [%emt 00:00:19]} 36. Qe4 {
[%clk 00:00:05]  [%emt 00:00:17]} 36... Qg7 {[%clk 00:00:08]  [%emt 00:00:25]}
37. Rc8 {[%emt 00:00:38]} 37... Qe7 {[%emt 00:00:09]} 38. Rd8 Qxe4 39. Bxe4 {
[%emt 00:00:05]} 1/2-1/2

[Event "VII Obert Internacional Alberic"]
[Site "Alberic, Spain"]
[Date "2019.06.29"]
[Round "7.8"]
[White "Martinez Gil, Joaquin"]
[Black "Asins Munoz, Miquel"]
[Result "1/2-1/2"]
[WhiteElo "1894"]
[BlackElo "1688"]
[PlyCount "51"]
[EventDate "2019.??.??"]

1. e4 {[%clk 00:07:05]} 1... e6 {[%clk 00:07:06]} 2. d3 {[%clk 00:07:06]} 2...
d5 {[%clk 00:07:06]} 3. Nd2 {[%clk 00:07:07]} 3... Nf6 {[%clk 00:07:07]} 4.
Ngf3 {[%clk 00:07:08]  [%emt 00:00:07]} 4... dxe4 {
[%clk 00:06:58]  [%emt 00:00:48]} 5. dxe4 {[%clk 00:07:09]} 5... Bc5 {
[%clk 00:06:53]} 6. Bc4 {[%clk 00:07:05]} 6... Nc6 {[%clk 00:06:41]} 7. O-O {
[%clk 00:07:05]  [%emt 00:00:04]} 7... e5 {[%clk 00:06:40]} 8. h3 {
[%clk 00:06:58]  [%emt 00:00:06]} 8... O-O {[%clk 00:06:35]  [%emt 00:00:09]}
9. c3 {[%clk 00:06:52]  [%emt 00:00:10]} 9... h6 {
[%clk 00:06:22]  [%emt 00:00:16]} 10. b4 {[%clk 00:06:38]  [%emt 00:00:15]}
10... Bd6 {[%clk 00:06:05]  [%emt 00:00:35]} 11. Qb3 {
[%clk 00:06:08]  [%emt 00:00:21]} 11... a6 {[%clk 00:05:38]  [%emt 00:00:40]}
12. Re1 {[%clk 00:06:03]} 12... b5 {[%clk 00:05:38]} 13. Bf1 {
[%clk 00:05:31]  [%emt 00:00:40]} 13... Be6 {[%clk 00:05:35]  [%emt 00:00:04]}
14. Qc2 {[%clk 00:05:22]  [%emt 00:00:32]} 14... Qe7 {
[%clk 00:05:15]  [%emt 00:00:12]} 15. Nb3 {[%clk 00:04:56]  [%emt 00:00:15]}
15... Rfd8 {[%clk 00:04:47]  [%emt 00:00:30]} 16. Be3 {
[%clk 00:04:58]  [%emt 00:00:31]} 16... Nd7 {[%clk 00:04:46]} 17. Red1 {
[%clk 00:04:38]  [%emt 00:00:04]} 17... Nb6 {[%clk 00:04:25]  [%emt 00:00:27]}
18. Bc5 {[%clk 00:03:59]  [%emt 00:00:33]} 18... Bc4 {
[%clk 00:04:09]  [%emt 00:00:19]} 19. Rd2 {[%clk 00:03:29]  [%emt 00:00:58]}
19... Bxf1 {[%clk 00:04:01]} 20. Rxf1 {[%clk 00:03:25]} 20... Nc4 {
[%clk 00:03:57]  [%emt 00:00:04]} 21. Rdd1 {[%clk 00:03:14]  [%emt 00:00:10]}
21... a5 {[%clk 00:03:29]  [%emt 00:00:31]} 22. Bxd6 {
[%clk 00:02:58]  [%emt 00:00:21]} 22... cxd6 {[%clk 00:03:26]  [%emt 00:00:07]}
23. bxa5 {[%clk 00:02:47]  [%emt 00:00:11]} 23... N6xa5 {
[%clk 00:03:26]  [%emt 00:00:08]} 24. Nxa5 {[%clk 00:02:38]  [%emt 00:00:08]}
24... Rxa5 {[%clk 00:03:27]  [%emt 00:00:29]} 25. Ra1 {
[%clk 00:02:12]  [%emt 00:00:03]} 25... Ra3 {[%clk 00:03:07]  [%emt 00:00:21]}
26. Nd2 {[%clk 00:02:10]  [%emt 00:00:12]} 1/2-1/2